| 000 | 00629nam a2200253Ia 4500 | ||
|---|---|---|---|
| 001 | 838 | ||
| 005 | 20240113233432.0 | ||
| 007 | ta | ||
| 008 | 050125s1994 a g b000 u eng u | ||
| 020 | _cPB | ||
| 040 | _aRef. stack | ||
| 041 | _aeng | ||
| 082 |
_a109 _bCo 79 Hi |
||
| 100 | _aCopleston, Frederick . | ||
| 245 | 0 |
_aHistory of philosophy / _cFrederick Copleton. _hTextual Documents |
|
| 250 | _a1st ed / | ||
| 260 |
_aNew York : _bDoubleday , _c1994. |
||
| 300 |
_a440p. : _bill ; _c21cm . |
||
| 362 | _aVol. V- | ||
| 653 | _aPhilosophy - history | ||
| 942 |
_2ddc _cBK |
||
| 999 |
_c836 _d836 |
||